| 000 | 00651nam a22001695i 4500 | ||
|---|---|---|---|
| 001 | 68806 | ||
| 003 | ES-MaACL | ||
| 005 | 20230906170352.0 | ||
| 007 | t| | ||
| 008 | 960829s1834 it ||||1| ita d | ||
| 040 |
_aCAM _bspa _cCAM |
||
| 100 | 1 |
_aGioja, Melchiorre. _957155 |
|
| 245 | 1 | 0 |
_aArticoli varj di statistica ed economia di Melchiorre Gioja _b: estratti da varj giornali e per la prima volta raccolti ed ordinati aggiuntevi le tavole statistiche e la risposta alle obbiezioni fatte alle stesse. |
| 260 |
_aLugano : _b[s.n.], _c1834 ( _fPresso Guis Ruggia e C.) |
||
| 300 |
_a3 v. (354; 499; 297 p.) ; _c22 cm. |
||
| 852 |
_aES-MaACL _jC-2652-4 |
||
| 999 |
_c68806 _d68806 |
||